Černé roky : 1971-1987 /

Hlavní autor: Jarcovjáková, Libuše, 1952-
Další autoři: Mikolajková, Lucie, 1975-
Jazyk: Čeština
Angličtina
Vydáno: [Praha] : Wo-men, [2016]
Vydání: První vydání
Témata:
Fyzický popis: 461 stran : ilustrace ; 28 cm
Language note: Částečně souběžný anglický text
Knihy
Uloženo v:
LEADER 02342nam a2200661 i 4500
001 nkc20172866134
003 CZ PrNK
005 20170228123411.0
007 ta
008 170103t20162016xr a e 000 0acze
015 |a cnb002866134 
020 |a 978-80-905239-6-8  |q (vázáno) 
035 |a (OCoLC)972629041 
040 |a BOA001  |b cze  |e rda 
041 1 |a cze  |a eng  |h cze 
043 |a e-xr--- 
045 |a x7x8 
072 7 |a 77  |x Fotografie. Fotografické postupy  |2 Konspekt  |9 21 
072 7 |a 929  |x Biografie  |2 Konspekt  |9 8 
080 |a 77-055.2  |2 MRF 
080 |a 929  |2 MRF 
080 |a 77.065  |2 MRF 
080 |a (437.3)  |2 MRF 
080 |a (093.3)  |2 MRF 
080 |a (0:82-6)  |2 MRF 
080 |a (084.12)  |2 MRF 
100 1 |a Jarcovjáková, Libuše,  |d 1952-  |7 jn20000710076  |4 aut  |4 pht 
245 1 0 |a Černé roky :  |b 1971-1987 /  |c Libuše Jarcovjáková ; překlad Lucie Mikolajková 
250 |a První vydání 
264 1 |a [Praha] :  |b Wo-men,  |c [2016] 
264 4 |c ©2016 
300 |a 461 stran :  |b ilustrace ;  |c 28 cm 
336 |a text  |b txt  |2 rdacontent 
336 |a statický obraz  |b sti  |2 rdacontent 
337 |a bez média  |b n  |2 rdamedia 
338 |a svazek  |b nc  |2 rdacarrier 
500 |a Některé strany na složených dvojlistech 
546 |a Částečně souběžný anglický text 
600 1 7 |a Jarcovjáková, Libuše,  |d 1952-  |7 jn20000710076  |2 czenas 
648 7 |a 20.-21. století  |7 ch462155  |2 czenas 
648 7 |a 20. století  |7 ch460558  |2 czenas 
648 4 |a 1971-1987 
650 0 7 |a fotografky  |7 ph120330  |z Česko  |y 20.-21. století  |2 czenas 
650 0 7 |a černobílá fotografie  |7 ph166376  |z Česko  |y 20. století  |2 czenas 
650 0 9 |a women photographers  |z Czechia  |y 20th-21st centuries  |2 eczenas 
650 0 9 |a black-and-white photography  |z Czechia  |y 20th century  |2 eczenas 
655 7 |a deníky  |7 fd132006  |2 czenas 
655 7 |a korespondence  |7 fd132681  |2 czenas 
655 7 |a fotografické publikace  |7 fd132276  |2 czenas 
655 9 |a diaries  |2 eczenas 
655 9 |a correspondence  |2 eczenas 
655 9 |a photographical works  |2 eczenas 
700 1 |a Mikolajková, Lucie,  |d 1975-  |7 ola2006323455  |4 trl 
910 2 |a BOA001  |b 3-1381.003 
990 |a BK 
995 |a 01 
991 |b 201701  |c NOV 
996 6 |b 2610692918  |c 3-1381.003  |l MZK  |r Sklad / do 1 hodiny  |n 20  |p p.v.  |w 001594996  |u 000010  |a 1  |e BOA001  |j MZK50  |s P